[Event "III Open Grand Paradis A"]
[Site "Arvier ITA"]
[Date "2016.07.24"]
[Round "1"]
[White "Ciuffoletti, Paolo"]
[Black "Nester, Ihor"]
[WhiteElo "2142"]
[BlackElo "2300"]
[Result "0-1"]
[PlyCount "93"]
[EventDate "2016.07.24"]

1. e4 d6 2. d4 Nf6 3. Nc3 e5 4. dxe5 dxe5 5. Qxd8+ Kxd8 6. Bc4 Ke8 7. Nge2 c6
8. f3 Bc5 9. g4 h5 10. g5 Nh7 11. h4 Nf8 12. f4 exf4 13. Nxf4 Bg4 14. Rf1 Ne6
15. g6 Nxf4 16. gxf7+ Ke7 17. Bxf4 Nd7 18. e5 Nf8 19. Ne4 Bb6 20. e6 Bxe6 21.
Bd6+ Kd7 22. Rd1 Bd5 23. Bxd5 cxd5 24. Rxd5 Kc6 25. Re5 Rd8 26. Be7 Bd4 27.
Ref5 Rd7 28. Ba3 Rd8 29. c3 Bb6 30. Ng5 Rh6 31. Re5 Rh8 32. Re8 Kd7 33. Rxf8
Rhxf8 34. Nh7 Rfe8+ 35. fxe8=Q+ Rxe8+ 36. Kd2 Re4 37. Rf7+ Kc6 38. Be7 g6 39.
Bg5 Rg4 40. Kc2 a5 41. Rf6+ Kb5 42. a4+ Rxa4 43. b3 Ra2+ 44. Kb1 Re2 45. Rxg6
Bc5 46. Bc1 Rh2 47. Bg5 $138 0-1

[Event "III Open Grand Paradis A"]
[Site "Arvier ITA"]
[Date "2016.07.24"]
[Round "1"]
[White "Lacrosse, Marc"]
[Black "Mrdja, Milan"]
[WhiteElo "2225"]
[BlackElo "2330"]
[Result "0-1"]
[PlyCount "30"]
[EventDate "2016.07.24"]

1. d4 g6 2. c4 Bg7 3. e4 c5 4. d5 d6 5. Nc3 Nf6 6. Nf3 O-O 7. h3 e6 8. Bd3 exd5
9. cxd5 Re8 10. O-O c4 11. Bc2 b5 12. Nxb5 Nxe4 13. Re1 a6 14. Bxe4 Qf6 15. Re2
Bb7 {...} 0-1

[Event "III Open Grand Paradis A"]
[Site "Arvier ITA"]
[Date "2016.07.24"]
[Round "1"]
[White "Rifai, Abdulkader"]
[Black "Lezzerini, Marco"]
[WhiteElo "2252"]
[BlackElo "2083"]
[Result "1-0"]
[PlyCount "45"]
[EventDate "2016.07.24"]

1. e4 c5 2. Nf3 e6 3. b3 d5 4. exd5 exd5 5. Bb5+ Bd7 6. Bxd7+ Nxd7 7. O-O Ngf6
8. Re1+ Be7 9. Qe2 Rc8 10. Ba3 Kf8 11. Nd4 g6 12. Nc3 a6 13. Qf3 Nb8 14. Re5
Nc6 15. Rxd5 Qa5 16. Nxc6 bxc6 17. Re5 Qxa3 18. Rxe7 Kxe7 19. Re1+ Kd7 20. Qxf6
Rhe8 21. Qxf7+ Kd6 22. Qf4+ Kd7 23. Ne4 1-0

[Event "III Open Grand Paradis A"]
[Site "Arvier ITA"]
[Date "2016.07.24"]
[Round "1"]
[White "Vuelban, Virgilio"]
[Black "Gromovs, Sergejs"]
[WhiteElo "2313"]
[BlackElo "2159"]
[Result "1-0"]
[PlyCount "63"]
[EventDate "2016.07.24"]

1. d4 Nf6 2. c4 e5 3. dxe5 Ng4 4. Nf3 Bc5 5. e3 Nc6 6. Nc3 Ngxe5 7. Be2 d6 8.
O-O a5 9. b3 O-O 10. Bb2 Nxf3+ 11. Bxf3 Ne5 12. Nd5 Nxf3+ 13. Qxf3 f6 14. Rfd1
c6 15. Nc3 Qe7 16. Ne4 Be6 17. Qg3 d5 18. cxd5 Bxd5 19. Nxc5 Qxc5 20. Rac1 Qe7
21. Rxd5 cxd5 22. Rc7 Qxc7 23. Qxc7 Rac8 24. Qxa5 Rc2 25. Qxd5+ Kh8 26. Qd4
Rfc8 27. g4 h6 28. Kf1 R8c5 29. h4 b5 30. Ke1 b4 31. g5 Rf5 32. Qd7 1-0

[Event "III Open Grand Paradis A"]
[Site "Arvier ITA"]
[Date "2016.07.25"]
[Round "2"]
[White "Caputi, Nicola"]
[Black "Vuelban, Virgilio"]
[WhiteElo "1942"]
[BlackElo "2313"]
[Result "0-1"]
[PlyCount "58"]
[EventDate "2016.07.24"]

1. c4 Nf6 2. g3 e6 3. Bg2 d5 4. Nf3 dxc4 5. Qa4+ Nbd7 6. Qxc4 c5 7. d3 a6 8.
Qb3 Bd6 9. a4 Rb8 10. O-O b6 11. Nbd2 Bb7 12. Nc4 Bc7 13. e4 O-O 14. Bd2 b5 15.
axb5 axb5 16. Ne3 c4 17. dxc4 Nc5 18. Qxb5 Nfxe4 19. Ba5 Bxa5 20. Qxa5 Qf6 21.
Ng4 Qxb2 22. Rab1 Qc3 23. Qxc3 Nxc3 24. Ra1 Rfc8 25. Ne3 Nb3 26. Ra7 Bxf3 27.
Bxf3 Nd2 28. Rc1 Nxf3+ 29. Kg2 Ne2 0-1

[Event "III Open Grand Paradis A"]
[Site "Arvier ITA"]
[Date "2016.07.25"]
[Round "2"]
[White "Gromovs, Sergejs"]
[Black "Ciuffoletti, Paolo"]
[WhiteElo "2159"]
[BlackElo "2142"]
[Result "1-0"]
[PlyCount "101"]
[EventDate "2016.07.24"]

1. d4 d5 2. c4 c6 3. Nf3 Nf6 4. Nc3 dxc4 5. a4 Bg4 6. Ne5 Bh5 7. f3 e6 8. g4
Nd5 9. e4 Nxc3 10. bxc3 f6 11. Nxc4 Bf7 12. Bf4 b6 13. Be2 Be7 14. O-O O-O 15.
Qd2 Qc8 16. Nd6 Bxd6 17. Bxd6 Rd8 18. e5 fxe5 19. dxe5 Na6 20. f4 Nc5 21. Qe3
Nb7 22. Ba6 Rd7 23. f5 Qe8 24. Ba3 Na5 25. Rae1 Rad8 26. Bb4 Rd5 27. Bd6 b5 28.
Qg5 Nc4 29. f6 Bg6 30. fxg7 Nxd6 31. Rf8+ Qxf8 32. gxf8=Q+ Rxf8 33. Qe7 Rf4 34.
h3 Nf7 35. Qxe6 Rd3 36. axb5 Rg3+ 37. Kh2 Rff3 38. g5 Bf5 39. Qxf5 Rxf5 40.
Kxg3 Nxe5 41. Bc8 Rxg5+ 42. Kf4 Nf7 43. bxc6 Rc5 44. Bd7 Rxc3 45. Ra1 Nd8 46.
Ra6 Kf8 47. h4 Ke7 48. Rxa7 Kd6 49. Bf5 Rxc6 50. Rd7+ Kc5 51. Rxd8 1-0

[Event "III Open Grand Paradis A"]
[Site "Arvier ITA"]
[Date "2016.07.25"]
[Round "2"]
[White "Mrdja, Milan"]
[Black "Rifai, Abdulkader"]
[WhiteElo "2330"]
[BlackElo "2252"]
[Result "1-0"]
[PlyCount "137"]
[EventDate "2016.07.24"]

1. e4 d5 2. exd5 Qxd5 3. Nc3 Qa5 4. Bc4 Nf6 5. h3 e5 6. d3 Bd6 7. Bd2 Qb6 8.
Nf3 O-O 9. O-O a5 10. Be3 c5 11. Ng5 a4 12. Rb1 Qd8 13. Nge4 b6 14. Qf3 Nxe4
15. Nxe4 Ra7 16. Qg3 Kh8 17. Nxd6 Qxd6 18. f4 Nc6 19. c3 f6 20. fxe5 Nxe5 21.
Bf4 Re8 22. Rbe1 h6 23. Bxe5 fxe5 24. Bb5 Re6 25. Bc4 Re8 26. Bf7 Rf8 27. Bg6
Rxf1+ 28. Rxf1 Be6 29. a3 Bg8 30. Be4 Rf7 31. Re1 Rf4 32. Qg6 Qd8 33. Re3 Rf6
34. Qh5 Qe7 35. Bf3 g5 36. Be4 Qf8 37. Qe2 Qd6 38. Qe1 Bf7 39. Bf3 Re6 40. h4
Bg6 41. Bg4 Re7 42. Qg3 h5 43. Bd1 gxh4 44. Qxh4 Bxd3 45. Bxh5 Bh7 46. Qg3 Qf6
47. Rf3 Qg7 48. Qf2 e4 49. Rf8+ Bg8 50. Be2 Qg5 51. Qf6+ Qxf6 52. Rxf6 Re6 53.
Rxe6 Bxe6 54. Kf2 Kg7 55. Ke3 Bd5 56. Kf4 Kg6 57. g4 Kf6 58. g5+ Kg6 59. Bg4 b5
60. Bd1 e3 61. Bc2+ Kh5 62. Bb1 Bc6 63. Bd3 Bd7 64. g6 e2 65. Bxe2+ Kxg6 66.
Ke5 c4 67. Bf3 Kf7 68. Kd6 Be8 69. Bc6 1-0

[Event "III Open Grand Paradis A"]
[Site "Arvier ITA"]
[Date "2016.07.25"]
[Round "2"]
[White "Nester, Ihor"]
[Black "Lacrosse, Marc"]
[WhiteElo "2300"]
[BlackElo "2225"]
[Result "1/2-1/2"]
[PlyCount "66"]
[EventDate "2016.07.24"]

1. Nf3 d5 2. d4 Nf6 3. c4 e6 4. g3 Be7 5. Bg2 O-O 6. O-O dxc4 7. Qc2 a6 8. Qxc4
b5 9. Qc2 Bb7 10. Bd2 Be4 11. Qc1 Nc6 12. Be3 Rc8 13. Rd1 Nd5 14. Nc3 Nxc3 15.
Qxc3 Nb4 16. a3 Nd5 17. Qb3 Nxe3 18. Qxe3 Qd5 19. Ne1 Bxg2 20. Nxg2 c5 21. Nf4
Qf5 22. Rac1 c4 23. Qf3 Bg5 24. e3 Bxf4 25. Qxf4 Qxf4 26. gxf4 Rfd8 27. Rc3 Kf8
28. Rdc1 Ke7 29. Kf1 Kd6 30. a4 Rc6 31. Ke2 b4 32. Rxc4 Rxc4 33. Rxc4 Rb8
1/2-1/2

[Event "III Open Grand Paradis A"]
[Site "Arvier ITA"]
[Date "2016.07.26"]
[Round "3"]
[White "Lacrosse, Marc"]
[Black "Gromovs, Sergejs"]
[WhiteElo "2225"]
[BlackElo "2159"]
[Result "1-0"]
[PlyCount "93"]
[EventDate "2016.07.24"]

1. d4 d5 2. c4 c6 3. Nf3 Nf6 4. Nc3 dxc4 5. a4 Bf5 6. Ne5 Nfd7 7. Nxc4 Nb6 8.
Ne5 a5 9. f3 N8d7 10. Nxd7 Nxd7 11. e4 Bg6 12. Be3 Qb6 13. Qd2 e5 14. d5 Bc5
15. Bxc5 Nxc5 16. dxc6 bxc6 17. Qd6 Rd8 18. Nd5 Qb4+ 19. Nxb4 Rxd6 20. Rc1 Nxa4
21. Nxc6 O-O 22. Rc2 f6 23. Bc4+ Kh8 24. Nxa5 f5 25. Bb3 fxe4 26. Nc4 Rd4 27.
Nxe5 exf3 28. Nxg6+ hxg6 29. O-O Rff4 30. Bxa4 Rxa4 31. Rxf3 Rxf3 32. gxf3 Rb4
33. Kf2 Kh7 34. Ke3 Kh6 35. Kd3 g5 36. Kc3 Rf4 37. b4 Rxf3+ 38. Kc4 g4 39. b5
g3 40. hxg3 Rxg3 41. b6 Re3 42. b7 Re8 43. Kc5 Rb8 44. Kc6 g5 45. Kc7 Rxb7+ 46.
Kxb7 g4 47. Rc5 1-0

[Event "III Open Grand Paradis A"]
[Site "Arvier ITA"]
[Date "2016.07.26"]
[Round "3"]
[White "Lezzerini, Marco"]
[Black "Caputi, Nicola"]
[WhiteElo "2083"]
[BlackElo "1942"]
[Result "1-0"]
[PlyCount "69"]
[EventDate "2016.07.24"]

1. d4 Nf6 2. c4 e6 3. g3 d5 4. Nf3 c6 5. Bg2 Be7 6. O-O O-O 7. Nbd2 Nbd7 8. Qc2
b6 9. e4 Ba6 10. e5 Ne8 11. Re1 Rc8 12. cxd5 cxd5 13. Qa4 Nb8 14. Nf1 Qd7 15.
Qd1 Nc6 16. Ne3 Nb4 17. Bf1 Bxf1 18. Rxf1 f6 19. h4 Nc6 20. Ng4 f5 21. Ne3 Nc7
22. Ng2 Na5 23. Bg5 Nc4 24. Bxe7 Qxe7 25. b3 Na3 26. Nf4 g6 27. Rc1 Ncb5 28.
Qd3 Qd7 29. h5 Kg7 30. hxg6 h6 31. Nh4 Rg8 32. Nh5+ Kf8 33. Qe3 Rg7 34. Rxc8+
Qxc8 35. Qxh6 1-0

[Event "III Open Grand Paradis A"]
[Site "Arvier ITA"]
[Date "2016.07.26"]
[Round "3"]
[White "Rifai, Abdulkader"]
[Black "Nester, Ihor"]
[WhiteElo "2252"]
[BlackElo "2300"]
[Result "1-0"]
[PlyCount "43"]
[EventDate "2016.07.24"]

1. e4 d6 2. d4 Nf6 3. Nc3 e5 4. Nf3 Nbd7 5. g4 exd4 6. Nxd4 Nc5 7. Bb5+ c6 8.
g5 Ng8 9. Nxc6 bxc6 10. Bxc6+ Bd7 11. Bxa8 Qxa8 12. Bf4 Qc6 13. Qd2 Ne7 14.
O-O-O Nc8 15. e5 Ne6 16. Rhe1 Nxf4 17. Qxf4 Be6 18. Qd4 Qb6 19. Qa4+ Kd8 20.
exd6 Bxd6 21. f4 Kc7 22. f5 1-0

[Event "III Open Grand Paradis A"]
[Site "Arvier ITA"]
[Date "2016.07.26"]
[Round "3"]
[White "Vuelban, Virgilio"]
[Black "Mrdja, Milan"]
[WhiteElo "2313"]
[BlackElo "2330"]
[Result "1/2-1/2"]
[PlyCount "28"]
[EventDate "2016.07.24"]

1. c4 g6 2. e4 Bg7 3. d4 d6 4. Nc3 Nf6 5. f3 O-O 6. Be3 b6 7. Qd2 c5 8. Nge2
Nc6 9. Rd1 Re8 10. b3 e5 11. dxe5 dxe5 12. Qxd8 Rxd8 13. Rxd8+ Nxd8 14. Nd5 Nc6
1/2-1/2

[Event "III Open Grand Paradis A"]
[Site "Arvier ITA"]
[Date "2016.07.27"]
[Round "4"]
[White "Ciuffoletti, Paolo"]
[Black "Lacrosse, Marc"]
[WhiteElo "2142"]
[BlackElo "2225"]
[Result "0-1"]
[PlyCount "48"]
[EventDate "2016.07.24"]

1. e4 e5 2. Bc4 Nc6 3. Nf3 Bc5 4. b4 Bxb4 5. c3 Ba5 6. d4 b5 7. Bd5 exd4 8.
Nxd4 Nge7 9. Ba3 O-O 10. Nb3 Nxd5 11. exd5 Re8+ 12. Kf1 b4 13. dxc6 Ba6+ 14.
Kg1 Bb6 15. Bxb4 Qf6 16. Bc5 Re2 17. Qf1 Rxa2 18. Rxa2 Bxf1 19. Bxb6 Qxc6 20.
Kxf1 Qc4+ 21. Re2 Qxb3 22. Nd2 Qd1+ 23. Re1 Qxd2 24. Bxc7 Qd3+ 0-1

[Event "III Open Grand Paradis A"]
[Site "Arvier ITA"]
[Date "2016.07.27"]
[Round "4"]
[White "Mrdja, Milan"]
[Black "Lezzerini, Marco"]
[WhiteElo "2330"]
[BlackElo "2083"]
[Result "1/2-1/2"]
[PlyCount "58"]
[EventDate "2016.07.24"]

1. e4 c5 2. Nf3 e6 3. d4 cxd4 4. Nxd4 Nf6 5. Nc3 d6 6. g4 h6 7. h4 Be7 8. Rg1
d5 9. Bb5+ Bd7 10. exd5 Bxb5 11. Ndxb5 a6 12. d6 axb5 13. dxe7 Qxd1+ 14. Kxd1
b4 15. g5 hxg5 16. hxg5 bxc3 17. gxf6 gxf6 18. bxc3 Kxe7 19. a4 Nc6 20. Ke2 Ne5
21. Ba3+ Ke8 22. Bb4 Rd8 23. a5 Nc4 24. Rad1 Rxd1 25. Rxd1 Rh5 26. Rg1 Re5+ 27.
Kd3 Nb2+ 28. Kd2 Nc4+ 29. Kd3 Nb2+ 1/2-1/2

[Event "III Open Grand Paradis A"]
[Site "Arvier ITA"]
[Date "2016.07.27"]
[Round "4"]
[White "Nester, Ihor"]
[Black "Caputi, Nicola"]
[WhiteElo "2300"]
[BlackElo "1942"]
[Result "1-0"]
[PlyCount "53"]
[EventDate "2016.07.24"]

1. Nf3 c5 2. c4 Nf6 3. Nc3 e6 4. g3 b6 5. Bg2 Bb7 6. O-O Be7 7. Re1 a6 8. e4 d6
9. d4 cxd4 10. Nxd4 Qc7 11. Be3 O-O 12. Rc1 Nbd7 13. f4 Rfe8 14. f5 Bf8 15.
fxe6 fxe6 16. Bh3 Nc5 17. b4 Ncxe4 18. Nxe4 Bxe4 19. Nxe6 Qd7 20. Bd4 d5 21.
Bxf6 gxf6 22. Rxe4 Bxb4 23. Qxd5 Qf7 24. Rg4+ Kh8 25. Rg7 Bc5+ 26. Qxc5 Qxe6
27. Rxh7+ 1-0

[Event "III Open Grand Paradis A"]
[Site "Arvier ITA"]
[Date "2016.07.27"]
[Round "4"]
[White "Rifai, Abdulkader"]
[Black "Vuelban, Virgilio"]
[WhiteElo "2252"]
[BlackElo "2313"]
[Result "0-1"]
[PlyCount "130"]
[EventDate "2016.07.24"]

1. e4 c5 2. Nf3 Nc6 3. Bb5 g6 4. Bxc6 dxc6 5. O-O Bg7 6. d3 Nf6 7. a4 O-O 8. a5
Nd7 9. Nbd2 Qc7 10. Nc4 Rb8 11. Be3 b5 12. axb6 axb6 13. c3 e5 14. b4 cxb4 15.
cxb4 Rd8 16. Qa4 c5 17. Rfc1 Bb7 18. bxc5 Nxc5 19. Nxb6 Nxa4 20. Rxc7 Nxb6 21.
Bxb6 Bxe4 22. Ba7 Rb7 23. dxe4 Rxc7 24. Bb6 Rcd7 25. Bxd8 Rxd8 26. g3 h5 27.
Ra7 Bf6 28. Ra5 Re8 29. Rd5 Re6 30. Kg2 Kf8 31. Ne1 Ra6 32. Nd3 Re6 33. Nc5 Re8
34. Kf3 Kg7 35. Nd3 Re6 36. Ke2 Re8 37. Kd1 Ra8 38. h4 Ra4 39. f3 Ra2 40. Nc1
Rf2 41. Rd3 Rf1+ 42. Kc2 g5 43. hxg5 Bxg5 44. Ne2 Re1 45. Nc3 Rc1+ 46. Kb3 Rg1
47. Nb5 Rxg3 48. Nd6 Rg1 49. Nf5+ Kg8 50. Rc3 h4 51. Rc8+ Kh7 52. Rf8 h3 53.
Rxf7+ Kg8 54. Rg7+ Kh8 55. f4 exf4 56. Ra7 h2 57. Ra8+ Kh7 58. Ra7+ Kg8 59.
Ra8+ Kf7 60. Ra7+ Kg6 61. Ra6+ Kh5 62. Ra2 Rb1+ 63. Kc3 Bf6+ 64. Kc4 h1=Q 65.
Ng3+ fxg3 0-1

[Event "III Open Grand Paradis A"]
[Site "Arvier ITA"]
[Date "2016.07.28"]
[Round "5"]
[White "Caputi, Nicola"]
[Black "Ciuffoletti, Paolo"]
[WhiteElo "1942"]
[BlackElo "2142"]
[Result "0-1"]
[PlyCount "134"]
[EventDate "2016.07.24"]

1. c4 g6 2. Nc3 Bg7 3. g3 e5 4. Bg2 d6 5. d3 f5 6. e3 Nf6 7. Nge2 O-O 8. O-O c6
9. b3 a5 10. Ba3 Na6 11. Qd2 Re8 12. Rad1 Nc7 13. d4 e4 14. Bb2 b5 15. cxb5
cxb5 16. Rc1 b4 17. Na4 Nfd5 18. Ba1 Ba6 19. Rfe1 Bb5 20. Bf1 Bxa4 21. bxa4 Qd7
22. Qc2 Rec8 23. Qc6 Qxc6 24. Rxc6 Ne7 25. Rc2 Ncd5 26. Rec1 Nb6 27. Nf4 Nxa4
28. Rc7 Nb6 29. Bc4+ Nxc4 30. Rxe7 Nxe3 31. Rcc7 Rxc7 32. Rxc7 Ng4 33. Ne6 Bf6
34. h3 Nh6 35. Bb2 a4 36. a3 Re8 37. Nf4 bxa3 38. Bxa3 Bxd4 39. Rc4 Be5 40. Nd5
Ra8 41. Kg2 Ra5 42. Ne7+ Kg7 43. Nc6 Ra8 44. Nb4 Nf7 45. Rc6 Ra7 46. Nd5 Ra5
47. Ne7 Bd4 48. Rc8 Rb5 49. Ra8 Kf6 50. Nc8 Rb3 51. Rxa4 Bc5 52. Bc1 Rb8 53.
Na7 Ra8 54. Be3 Rxa7 55. Rxa7 Bxa7 56. Bxa7 Ke5 57. Kf1 Kd5 58. Ke2 Kc4 59. Ke3
Ne5 60. Bb8 Nf7 61. g4 d5 62. gxf5 gxf5 63. Ba7 Ne5 64. Kf4 Nc6 65. Bb6 d4 66.
Kxf5 e3 67. Bxd4 Nxd4+ 0-1

[Event "III Open Grand Paradis A"]
[Site "Arvier ITA"]
[Date "2016.07.28"]
[Round "5"]
[White "Lezzerini, Marco"]
[Black "Gromovs, Sergejs"]
[WhiteElo "2083"]
[BlackElo "2159"]
[Result "0-1"]
[PlyCount "40"]
[EventDate "2016.07.24"]

1. d4 Nf6 2. c4 g6 3. g3 Bg7 4. Bg2 d5 5. b3 O-O 6. Nf3 c5 7. O-O cxd4 8. Nxd4
e5 9. Nf3 e4 10. Nd4 dxc4 11. bxc4 Re8 12. e3 Nbd7 13. Nc3 a6 14. Qc2 Qe7 15.
a4 Nb6 16. Ba3 Qe5 17. Rfe1 Nxc4 18. Nxe4 Nxa3 19. Nxf6+ Bxf6 20. Rxa3 Qxd4 0-1

[Event "III Open Grand Paradis A"]
[Site "Arvier ITA"]
[Date "2016.07.28"]
[Round "5"]
[White "Nester, Ihor"]
[Black "Mrdja, Milan"]
[WhiteElo "2300"]
[BlackElo "2330"]
[Result "1/2-1/2"]
[PlyCount "24"]
[EventDate "2016.07.24"]

1. Nf3 c5 2. c4 Nc6 3. d4 cxd4 4. Nxd4 g6 5. e4 Bg7 6. Be3 d6 7. Nc3 Nf6 8. Be2
O-O 9. O-O Nxd4 10. Bxd4 Bd7 11. Qd2 Bc6 12. f3 a5 1/2-1/2

[Event "III Open Grand Paradis A"]
[Site "Arvier ITA"]
[Date "2016.07.28"]
[Round "5"]
[White "Vuelban, Virgilio"]
[Black "Lacrosse, Marc"]
[WhiteElo "2313"]
[BlackElo "2225"]
[Result "0-1"]
[PlyCount "104"]
[EventDate "2016.07.24"]

1. e4 e5 2. Nf3 Nc6 3. d4 exd4 4. Nxd4 Bc5 5. Nxc6 bxc6 6. Bd3 d6 7. Nc3 Nf6 8.
O-O O-O 9. Na4 Bb6 10. b3 Re8 11. Nxb6 axb6 12. Re1 Ng4 13. Bf4 Qf6 14. Qd2 h6
15. a4 Bb7 16. Rad1 Re7 17. Bg3 Rae8 18. Bf1 Qg5 19. Bf4 Qf6 20. f3 Ne5 21. Bg3
c5 22. a5 bxa5 23. Qxa5 Nc6 24. Qb5 Ba8 25. Ra1 Nd4 26. Qc4 Qe6 27. Qc3 Qf6 28.
e5 dxe5 29. Qxc5 Qc6 30. Qxc6 Bxc6 31. Bd3 e4 32. fxe4 Bxe4 33. Bxe4 Rxe4 34.
Rxe4 Rxe4 35. Ra8+ Kh7 36. Ra4 Ne2+ 37. Kf2 Nxg3 38. Kxg3 Re3+ 39. Kf4 Rc3 40.
Ra2 Kg6 41. Ke5 c5 42. Kd5 f5 43. Ke5 Kg5 44. Ke6 f4 45. Ke5 Kg4 46. Ra6 g5 47.
Ra2 h5 48. Rb2 h4 49. Ra2 h3 50. gxh3+ Kxh3 51. Kf5 f3 52. Kxg5 Kxh2 0-1

[Event "III Open Grand Paradis A"]
[Site "Arvier ITA"]
[Date "2016.07.29"]
[Round "6"]
[White "Ciuffoletti, Paolo"]
[Black "Lezzerini, Marco"]
[WhiteElo "2142"]
[BlackElo "2083"]
[Result "0-1"]
[PlyCount "46"]
[EventDate "2016.07.24"]

1. e4 c5 2. d4 cxd4 3. c3 Nf6 4. e5 Nd5 5. Qxd4 e6 6. Bc4 Nc6 7. Qe4 f5 8. Qe2
Nde7 9. Nf3 Ng6 10. O-O Qc7 11. Re1 Be7 12. a4 O-O 13. Bb5 b6 14. Na3 Bb7 15.
Qc4 a6 16. Bxc6 Bxc6 17. Nd4 Nxe5 18. Nxe6 dxe6 19. Qxe6+ Nf7 20. Qxf5 Bxa3 21.
Rxa3 Rae8 22. Be3 Ne5 23. Qc2 Ng4 0-1

[Event "III Open Grand Paradis A"]
[Site "Arvier ITA"]
[Date "2016.07.29"]
[Round "6"]
[White "Gromovs, Sergejs"]
[Black "Caputi, Nicola"]
[WhiteElo "2159"]
[BlackElo "1942"]
[Result "1-0"]
[PlyCount "73"]
[EventDate "2016.07.24"]

1. d4 Nf6 2. c4 e6 3. Nf3 b6 4. a3 Ba6 5. Qc2 Bb7 6. Nc3 c5 7. d5 exd5 8. cxd5
d6 9. e4 g6 10. Bf4 a6 11. a4 Bg7 12. Bd3 O-O 13. h3 Re8 14. O-O Qc7 15. Nd2
Nh5 16. Bh2 Nd7 17. g4 Nhf6 18. Nc4 Bf8 19. f4 Rad8 20. Qg2 Qb8 21. e5 b5 22.
axb5 axb5 23. Nxd6 Bxd6 24. exd6 b4 25. Nb5 Nxd5 26. Qd2 N7b6 27. f5 Re3 28.
Nc7 Rxh3 29. fxg6 fxg6 30. Qf2 Rf8 31. Qxf8+ Qxf8 32. Rxf8+ Kxf8 33. Rf1+ Kg7
34. Ne6+ Kh6 35. g5+ Kh5 36. Be2+ Kh4 37. Rf7 1-0

[Event "III Open Grand Paradis A"]
[Site "Arvier ITA"]
[Date "2016.07.29"]
[Round "6"]
[White "Lacrosse, Marc"]
[Black "Rifai, Abdulkader"]
[WhiteElo "2225"]
[BlackElo "2252"]
[Result "1/2-1/2"]
[PlyCount "101"]
[EventDate "2016.07.24"]

1. d4 d5 2. c4 c6 3. Nf3 Nf6 4. Nc3 Bf5 5. cxd5 cxd5 6. Qb3 Qb6 7. Nxd5 Nxd5 8.
Qxd5 e6 9. Qb3 Nc6 10. Qxb6 axb6 11. Bd2 Nb4 12. Rc1 Rxa2 13. Bc3 Bd6 14. e3
O-O 15. Bc4 Nd3+ 16. Bxd3 Bxd3 17. Ne5 Bb5 18. f3 Rfa8 19. Kd2 R2a4 20. Nd3 Bc4
21. Rb1 f6 22. h3 R8a7 23. Rhc1 b5 24. b3 Ra2+ 25. Rc2 Rxc2+ 26. Kxc2 Ra2+ 27.
Rb2 Rxb2+ 28. Bxb2 Bd5 29. Bc3 b6 30. Bd2 Kf7 31. e4 Bb7 32. Bf4 Bxf4 33. Nxf4
g5 34. Nd3 h5 35. Kd2 Ke7 36. b4 Bc6 37. Ke3 Be8 38. g3 Bg6 39. h4 Be8 40. f4
gxh4 41. gxh4 Bc6 42. Nc1 f5 43. exf5 exf5 44. Ne2 Ke6 45. Ng3 Be8 46. Kd3 Kd5
47. Nf1 Bc6 48. Ne3+ Ke6 49. Nf1 Bf3 50. Ne3 Bc6 51. Kd2 1/2-1/2

[Event "III Open Grand Paradis A"]
[Site "Arvier ITA"]
[Date "2016.07.29"]
[Round "6"]
[White "Vuelban, Virgilio"]
[Black "Nester, Ihor"]
[WhiteElo "2313"]
[BlackElo "2300"]
[Result "1-0"]
[PlyCount "87"]
[EventDate "2016.07.24"]

1. d4 f5 2. Nf3 Nf6 3. g3 e6 4. Bg2 d5 5. O-O Bd6 6. c4 c6 7. Qc2 O-O 8. Nc3
Ne4 9. b3 Bd7 10. e3 Be8 11. Ne2 Nd7 12. Nf4 Qe7 13. Nd3 Bh5 14. Nfe5 Nxe5 15.
dxe5 Ba3 16. Nf4 Bxc1 17. Raxc1 Be8 18. h4 g5 19. hxg5 Nxg5 20. Qd1 Rd8 21.
cxd5 exd5 22. Qd4 a6 23. b4 Bf7 24. a4 Ne4 25. Rc2 Rfe8 26. Nd3 Bh5 27. Rb1 Ng5
28. Qf4 Bf3 29. b5 axb5 30. axb5 Be4 31. bxc6 bxc6 32. Nc5 Bxc2 33. Rb7 Qxe5
34. Qxg5+ Kh8 35. f4 Qa1+ 36. Kh2 Rb8 37. Qh5 Rxb7 38. Qxe8+ Kg7 39. Nxb7 Qf6
40. Nc5 Be4 41. Ne6+ Kh6 42. Qxc6 Kh5 43. Bxe4 dxe4 44. Nd4 1-0

[Event "III Open Grand Paradis A"]
[Site "Arvier ITA"]
[Date "2016.07.30"]
[Round "7"]
[White "Caputi, Nicola"]
[Black "Lacrosse, Marc"]
[WhiteElo "1942"]
[BlackElo "2225"]
[Result "1/2-1/2"]
[PlyCount "70"]
[EventDate "2016.07.24"]

1. c4 e6 2. g3 d5 3. Bg2 Nf6 4. Nf3 Be7 5. O-O O-O 6. b3 b6 7. Bb2 Bb7 8. e3 c5
9. Nc3 dxc4 10. bxc4 Nc6 11. Qe2 a6 12. Rfd1 Qc7 13. Rac1 Rfd8 14. d4 Na5 15.
Ne5 Bxg2 16. Kxg2 Rac8 17. Nb1 Nc6 18. Nxc6 Qxc6+ 19. Qf3 cxd4 20. exd4 Qxf3+
21. Kxf3 Rc7 22. Nd2 Rdc8 23. a3 Ne8 24. Ke2 Nd6 25. Kd3 Bf6 26. f4 h5 27. a4
Nb7 28. Bc3 Rd7 29. Ke3 Nd6 30. Kd3 Nf5 31. Nf3 Rcd8 32. Ke4 Nd6+ 33. Kd3 Nf5
34. Ke4 Nd6+ 35. Kd3 Nf5 1/2-1/2

[Event "III Open Grand Paradis A"]
[Site "Arvier ITA"]
[Date "2016.07.30"]
[Round "7"]
[White "Lezzerini, Marco"]
[Black "Vuelban, Virgilio"]
[WhiteElo "2083"]
[BlackElo "2313"]
[Result "1/2-1/2"]
[PlyCount "28"]
[EventDate "2016.07.24"]

1. d4 Nf6 2. c4 g6 3. g3 Bg7 4. Bg2 d5 5. cxd5 Nxd5 6. Nc3 Nb6 7. Nf3 O-O 8.
O-O Nc6 9. d5 Na5 10. e4 c6 11. Nd4 cxd5 12. exd5 Nac4 13. b3 Nd6 14. Ba3 Re8
1/2-1/2

[Event "III Open Grand Paradis A"]
[Site "Arvier ITA"]
[Date "2016.07.30"]
[Round "7"]
[White "Mrdja, Milan"]
[Black "Gromovs, Sergejs"]
[WhiteElo "2330"]
[BlackElo "2159"]
[Result "1/2-1/2"]
[PlyCount "28"]
[EventDate "2016.07.24"]

1. Nf3 c5 2. g3 Nc6 3. Bg2 e5 4. d3 d5 5. O-O Nf6 6. c4 d4 7. e3 Bd6 8. exd4
cxd4 9. Re1 O-O 10. Na3 Re8 11. Nc2 a5 12. Rb1 h6 13. a3 a4 14. Nh4 Kh7 1/2-1/2